000 00585nam a2200241Ia 4500
003 OSt
005 20220912145736.0
006 a|||||r|||| 00| 0
007 ta
008 220909b |||||||| |||| 00| 0 eng d
024 _a74733
037 _cTextbook
040 _aCSL
_beng
_cCSL
041 _aeng
082 _aIwM58, F0 CS
100 _aGeddes Patrick
245 0 _aLife and work of Sir Jagadis C Bose
260 _c1920
300 _ap.
_ccm.
650 _aBotany
942 _hIwM58, F0 CS
_cTB
_2CC
999 _c37315
_d37315